000 00278 a2200097 4500
082 _a620.003 MEH
100 _aMehta,S.
245 _aAcademic's Dictionary of Engineering /
_cS.Mehta
260 _aNew Delhi :
_cAcademic Publisher ,
_b2003
300 _a460p. :
_bill. ;
_c24cm
650 _aEngineering dictionary
999 _c1899
_d1899